Culture Générale - Série 125 - Statistiques

Statistiques générales
  • Ce quiz a été pris 553 fois
  • Le résultat moyen est 5 sur 10
Statistiques - réponses
Question Réponse % Correct
Avec le lait de quel animal le coulommiers est-il fabriqué ? Vache
96%
Dans quel style musical s'est illustré Miles Davis ? Jazz
80%
Du haut de quels édifices "40 siècles vous contemplent", selon Napoléon ? Pyramides
66%
Quel signal sonore annonce aux boxeurs le début et la fin d'un round ? Gong
58%
A quel poète doit-on ces vers : "Il pleure dans mon coeur..." ? Paul Verlaine
52%
Quel Ewing est joué par Larry Hagman dans la série "Dallas" ? JR
45%
Comment se prénomme le fils, comédien, de Gérard Jugnot ? Arthur
38%
Quel jardin abrite la Grande Galerie de l'évolution et une ménagerie ? Des Plantes
38%
En 1993, qui représente la France à l'Eurovision avec "Mama Corsica" ? Patrick Fiori
32%
Quel anthropologue a écrit "Tristes Tropiques" ? Claude Lévi-Strauss
25%
Aucun quiz correspondant
Distribution des résultats
% des personnes avec chaque résultat
Percentile par nombre de réponses
Votre historique - résultats
Vous n’avez pas pris ce quiz